| 000 | 01094nas a2200301 a 4500 | ||
|---|---|---|---|
| 005 | 20170425102207.0 | ||
| 008 | 881025c18889999us mr p r 0 0b0eng d | ||
| 022 | _a0027-9358 | ||
| 040 |
_aCO-BoBLA _cCO-BoBLA _dCO-BoIAVH |
||
| 041 | 0 | _aeng | |
| 044 | _axxu | ||
| 090 | _aSE | ||
| 245 | 0 | 0 |
_aNational geographic magazine / _cNational Geographic Society. |
| 246 | 1 | 4 | _aNational Geographic |
| 260 |
_aWashington (EE.UU) : _bNational Geographic Society, _c1888-. |
||
| 300 |
_bilustraciones a color ; _c25 x 18 cm. |
||
| 310 | _am | ||
| 321 | _au | ||
| 650 | 2 | 6 |
_aCiencia _vPublicaciones periódicas |
| 650 | 2 | 6 |
_aGeografía _vPublicaciones periódicas |
| 650 | 2 | 6 |
_aClimatología _vPublicaciones periódicas |
| 650 | 2 | 6 |
_aDesastres naturales _vPublicaciones periódicas |
| 650 | 2 | 6 |
_aViajes _vPublicaciones periódicas |
| 650 | 2 | 6 |
_aMedio ambiente _vPublicaciones periódicas |
| 650 | 2 | 6 |
_aAnimales _xHábitos y conductas _vPublicaciones periódicas |
| 710 | 2 | _aNational Geographic Society (U.S.) | |
| 942 |
_2z _cREVISTA _s1 |
||
| 999 |
_c17198 _d17198 |
||